Tenno Sho(Autumn) Winning Horse - Statistics

General Stats
  • This quiz has been taken 17 times
  • The average score is 18 of 81
Answer Stats
Answer % Correct
T M Opera O テイエムオペラオー
93%
Kitasan Black キタサンブラック
87%
Special Week スペシャルウィーク
87%
Agnes Digital アグネスデジタル
80%
Vodka ウオッカ
80%
Equinox イクイノックス
73%
Almond Eye アーモンドアイ
67%
Air Groove エアグルーヴ
60%
Daiwa Major ダイワメジャー
60%
Eishin Flash エイシンフラッシュ
60%
Symboli Kris S シンボリクリスエス
60%
Tamamo Cross タマモクロス
60%
Efforia エフフォーリア
47%
Meisho Samson メイショウサムソン
47%
Mr C.B. ミスターシービー
47%
Super Creek スーパークリーク
47%
Yaeno Muteki ヤエノムテキ
47%
Bubble Gum Fellow バブルガムフェロー
40%
Buena Vista ブエナビスタ
40%
Sakura Chitose O サクラチトセオー
40%
Shinzan シンザン
40%
Tosen Jordan トーセンジョーダン
40%
Zenno Rob Roy ゼンノロブロイ
40%
Lovely Day ラブリーデイ
33%
Mejiro Asama メジロアサマ
33%
Mejiro Taiyo メジロタイヨウ
33%
Offside Trap オフサイドトラップ
33%
Company カンパニー
27%
Just A Way じゃスタウェイ
27%
Heavenly Romance ヘヴンリーロマンス
20%
Let's Go Tarquin レッツゴーターキン
20%
Mejiro Titan メジロティターン
20%
Nippo Teio ニッポーテイオー
20%
Rey de Oro レイデオロ
20%
Sakura Yutaka O サクラユタカオー
20%
Yamanin Zephyr ヤマニンゼファー
20%
Maurice モールス
13%
Cellulose セルローズ
7%
Fujino Parthia フジノパーシア
7%
Gallop Dyna ギャロップダイナ
7%
Hokuto Boy ホクトボーイ
7%
Kabuto Ciro カブトシロー
7%
Katsu Fuji カツフジ
7%
Kyoei Promise キョウエイプロミス
7%
Nehai Caesar ネーハイシーザー
7%
Prekrasnie ブレクラスニー
7%
Pretty Cast プリテイキャスト
7%
Queen Narubi クインナルビー
7%
Spielberg スピルパーグ
7%
Tanino Chikara タニノチカラ
7%
Tenmei テンメイ
7%
Three Giants スリージャイアンツ
7%
Tomei トウメイ
7%
Toyo Ume トヨウメ
7%
Track O トラツクオー
7%
Yamato Kyodai ヤマトキヨウダイ
7%
Dainana Hoshu ダイナナホウシユウ
0%
Estates エステイツ
0%
Eyeful アイフル
0%
Garnet ガーネツト
0%
Hakuchikara ハクチカラ
0%
Happy Might ハツピーマイト
0%
Hatakaze ハタカゼ
0%
Hisatomo ヒサトモ
0%
Hoyo Boys ホウヨウボーイ
0%
Kamino Tesio カミノテシオ
0%
Knit Eight ニットエイト
0%
Korehide コレヒデ
0%
Kurihide クリヒデ
0%
Kuri Hikari クリヒカリ
0%
Midfarm ミツドフアーム
0%
Newford ニユーフオード
0%
Ni Patois ニパトア
0%
Opal Orchid オパールオーキツト
0%
Otemon オーテモン
0%
Rocky Mor ロツキーモアー
0%
Ryu Forel リユウフオーレル
0%
Takamagahara タカマガハラ
0%
Tetsumon テツモン
0%
Yamanin Wave ヤマニンウエーブ
0%
Yashima Daughter ヤシマドオター
0%
No matching quizzes found
Score Distribution
Percent of People with Each Score
Percentile by Number Answered
Your Score History
You have not taken this quiz